00444nam a22001457a 4500003000900000005001700009008004100026040001300067100002600080245003500106260004300141300002100184490003300205520006000238IT-RoPau20220918181109.0130626b xxu||||| |||| 00| 0 eng d cIT-RoPau aDelpogetto, Fortunato aFiori di campagna I. Stornelli aAlbano L. bEdizioni "S. Paolo"c1993 a160 pp.c16,5 cm aEdizioni "S. Paolo"vI. Vol. aIndice Al lettore (Vari stornelli dalla A alla Z) Vari